ბათუმის შოთა რუსთაველის სახელმწიფო უნივერსიტეტის ბიბლიოთეკა

Sobotta:Atlas of Human Anatomy:General Anatomy and Musculoskeletal System (ბიბ.ჩანაწერი № 51282)

000 -LEADER
fixed length control field 00859nam a2200277Ia 4500
001 - CONTROL NUMBER
control field 18246
003 - CONTROL NUMBER IDENTIFIER
control field GE_BSU
008 - FIXED-LENGTH DATA ELEMENTS--GENERAL INFORMATION
fixed length control field 181216s||||||||xx |||||||||||||| ||und||
020 ## - INTERNATIONAL STANDARD BOOK NUMBER
International Standard Book Number 9780702052514
040 ## - CATALOGING SOURCE
Transcribing agency GE_BSU
080 ## - UNIVERSAL DECIMAL CLASSIFICATION NUMBER
Universal Decimal Classification number 611(084.4)
245 ## - TITLE STATEMENT
Title Sobotta:Atlas of Human Anatomy:General Anatomy and Musculoskeletal System
245 ## - TITLE STATEMENT
Statement of responsibility, etc. Edited by:F.Paulsen,and J.Waschke.Translated by:T. Klonisch and S.Hombach- Klonisch
250 ## - EDITION STATEMENT
Edition statement 15 th edition
260 ## - PUBLICATION, DISTRIBUTION, ETC.
Place of publication, distribution, etc. Munchen
260 ## - PUBLICATION, DISTRIBUTION, ETC.
Name of publisher, distributor, etc. Elsevier
260 ## - PUBLICATION, DISTRIBUTION, ETC.
Date of publication, distribution, etc. 2011
300 ## - PHYSICAL DESCRIPTION
Extent 399pages,ill,col,32cm.
300 ## - PHYSICAL DESCRIPTION
Other physical details 597 Colored Plates with 700 Figures
300 ## - PHYSICAL DESCRIPTION
Accompanying material +English Nomenclature
653 ## - INDEX TERM--UNCONTROLLED
Uncontrolled term Atlas of Human Anatomy
653 ## - INDEX TERM--UNCONTROLLED
Uncontrolled term ადამიანის ანატომიის ატლასი
653 ## - INDEX TERM--UNCONTROLLED
Uncontrolled term მედიცინა
942 ## - ADDED ENTRY ELEMENTS (KOHA)
Koha item type წიგნი
ეგზემპლარები
Withdrawn status Lost status Damaged status Not for loan Date acquired Barcode Date last seen Price effective from Koha item type Public note
        2018-12-17 46503 (2013 წელი) 2018-12-17 2018-12-17 წიგნი 2013 წელი
        2018-12-17 46864 2018-12-17 2018-12-17 წიგნი  
        2018-12-17 46868 2018-12-17 2018-12-17 წიგნი  
        2018-12-17 46871 2018-12-17 2018-12-17 წიგნი  
        2018-12-17 46873 2018-12-17 2018-12-17 წიგნი